[Event "XVII Open"]
[Site "Montcada i Reixac ESP"]
[Date "2009.07.01"]
[Round "6"]
[White "Llaneza Vega,M"]
[Black "Robles Garcia,C"]
[Result "1/2-1/2"]
[WhiteElo "2522"]
[BlackElo "2267"]
[EventDate "2009.06.26"]

1. e4 c5 2. Nc3 d6 3. Nge2 Nf6 4. g3 Nc6 5. Bg2 g6 6. O-O Bg7 7. f4 O-O 8.
h3 Rb8 9. g4 Nd7 10. Ng3 Nd4 11. f5 b5 12. d3 Bb7 13. Bg5 b4 14. Nd5 Nc6
15. Qc1 Ba6 16. Bh6 c4 17. Bxg7 Kxg7 18. Qg5 f6 19. Qe3 g5 20. a3 b3 21.
Rfc1 bxc2 22. Rxc2 Rb3 23. Nb4 Rxb4 24. axb4 Nxb4 25. Rc3 cxd3 26. Ra4 Nc2
27. Qxa7 Bb5 28. Ra2 Nc5 29. Bf3 Nd4 30. Bd1 Nc6 31. Qa3 Qb6 32. Kg2 Na6
33. Ra1 Qe3 34. Rxc6 Qd2+ 35. Kf3 Qf4+ 36. Kg2 Qd2+ 37. Kf3 Qf4+ 1/2-1/2

[Event "XVII Open"]
[Site "Montcada i Reixac ESP"]
[Date "2009.07.01"]
[Round "6"]
[White "Oms Fuentes,L"]
[Black "Libiszewski,F"]
[Result "1/2-1/2"]
[WhiteElo "2348"]
[BlackElo "2505"]
[EventDate "2009.06.26"]

1. e4 e6 2. d4 d5 3. e5 c5 4. Nf3 Nc6 5. Bd3 cxd4 6. O-O f6 7. Re1 fxe5 8.
Nxe5 Nf6 9. f4 Bc5 10. Nd2 O-O 11. a3 Bd7 12. b4 Bb6 13. Qe2 Be8 14. Nxc6
bxc6 15. Qxe6+ Bf7 16. Qh3 a5 17. Rb1 axb4 18. axb4 Bh5 19. Bb2 Qd6 20.
Qe6+ Qxe6 21. Rxe6 Rfc8 22. Nb3 Bf7 23. Re7 Ra4 1/2-1/2

[Event "XVII Open"]
[Site "Montcada i Reixac ESP"]
[Date "2009.07.02"]
[Round "7"]
[White "Bacallao,Y"]
[Black "Panchanathan,M"]
[Result "1-0"]
[WhiteElo "2438"]
[BlackElo "2462"]
[EventDate "2009.06.26"]

1. e4 e5 2. Nf3 Nc6 3. Bc4 Nf6 4. d3 Be7 5. O-O O-O 6. Bb3 d6 7. c3 a5 8.
Nbd2 b5 9. Re1 a4 10. Bc2 d5 11. exd5 Nxd5 12. Nf1 a3 13. c4 bxc4 14. dxc4
Ndb4 15. Bb1 f5 16. bxa3 Qxd1 17. Rxd1 e4 18. Bb2 exf3 19. axb4 fxg2 20.
Ne3 Nxb4 21. a3 f4 22. Nxg2 Na6 23. Be4 Rb8 24. Be5 f3 25. Nf4 Bd6 26. Rxd6
cxd6 27. Bxd6 Bb7 28. Bxb7 Rxb7 29. Bxf8 Kxf8 30. Ne6+ Kg8 31. Nd4 Rf7 32.
Re1 Rf4 33. Re8+ Kf7 34. Rf8+ Kxf8 35. Ne6+ Kf7 36. Nxf4 Kf6 37. h3 Ke5 38.
Nd5 Nc5 39. Nb6 g5 40. a4 h5 41. a5 g4 42. h4 Kd4 43. Nd5 Kxc4 44. Nf4 Kb5
45. Nxh5 Ne4 46. Ng3 Nf6 47. h5 Kxa5 48. h6 Kb5 49. Ne4 Nh7 50. Kh2 Kc4 51.
Kg3 Kd3 52. Kf4 Kd4 53. Ng3 Kd5 54. Kf5 Kd4 55. Kg6 Nf8+ 56. Kg7 Ne6+ 57.
Kg8 Ng5 58. h7 Nxh7 59. Kxh7 Kd3 60. Kg6 Kd2 61. Kf5 Ke1 62. Ne4 1-0

[Event "XVII Open"]
[Site "Montcada i Reixac ESP"]
[Date "2009.07.02"]
[Round "7"]
[White "Cornette,M"]
[Black "Almeida Quintana,O"]
[Result "0-1"]
[WhiteElo "2573"]
[BlackElo "2521"]
[EventDate "2009.06.26"]

1. e4 g6 2. d4 Bg7 3. Nc3 d6 4. Be3 a6 5. f4 b5 6. Bd3 Bb7 7. Nf3 Nd7 8. e5
c5 9. Be4 Qc8 10. Ng5 Nh6 11. e6 Nb6 12. exf7+ Nxf7 13. Nxf7 Kxf7 14. f5
Kg8 15. O-O Bxe4 16. Nxe4 Nc4 17. Bg5 gxf5 18. Qf3 h6 19. Bxe7 fxe4 20.
Qxe4 Rh7 21. Kh1 cxd4 22. Rf5 Ne3 0-1

[Event "XVII Open"]
[Site "Montcada i Reixac ESP"]
[Date "2009.07.02"]
[Round "7"]
[White "Cruz,Cr"]
[Black "Fluvia Poyatos,Jor"]
[Result "0-1"]
[WhiteElo "2544"]
[BlackElo "2442"]
[EventDate "2009.06.26"]

1. d4 Nf6 2. c4 g6 3. Nc3 d5 4. Bg5 Ne4 5. Bh4 Nxc3 6. bxc3 dxc4 7. e3 Be6
8. Be2 c6 9. Nf3 Nd7 10. O-O Bh6 11. e4 Qa5 12. Rb1 Nb6 13. Qc2 f5 14. d5
fxe4 15. dxe6 exf3 16. Bxf3 Bg5 17. Bg3 O-O-O 18. Qe4 Qf5 19. Rxb6 Qxe4 20.
Rxb7 Kxb7 21. Bxe4 Kb6 22. Rb1+ Kc5 23. f4 Bf6 24. Bf2+ Kd6 25. Rb4 Kxe6
26. h3 Rd1+ 27. Kh2 Rd2 28. Bxa7 Rxa2 29. Bg1 Rc8 30. Rxc4 c5 31. Bd3 Rd2
32. Re4+ Kd5 33. c4+ Kd6 34. Be2 h5 35. Bf2 Ra8 36. Be1 Rd4 37. Re3 Ra2 38.
h4 Rxf4 39. Bg3 Be5 40. Kh3 Rf5 41. Bd3 Ra3 42. Kh2 Bxg3+ 43. Rxg3 Rf6 0-1

[Event "XVII Open"]
[Site "Montcada i Reixac ESP"]
[Date "2009.07.02"]
[Round "7"]
[White "Sachdev,T"]
[Black "Narciso Dublan,M"]
[Result "0-1"]
[WhiteElo "2423"]
[BlackElo "2534"]
[EventDate "2009.06.26"]

1. d4 d5 2. c4 c6 3. Nf3 dxc4 4. e3 Be6 5. Nc3 b5 6. a4 b4 7. Ne4 Nf6 8.
Nxf6+ exf6 9. Bd2 Nd7 10. Rc1 Nb6 11. a5 c3 12. bxc3 Nc4 13. Qa4 Nxd2 14.
Nxd2 bxc3 15. Rxc3 Rb8 16. Bc4 Bb4 17. Rb3 Bxc4 18. Rxb4 Bb5 19. Qa2 Qe7
20. Rb3 O-O 21. f3 f5 22. Qa3 Qd8 23. f4 Qh4+ 0-1

[Event "XVII Open"]
[Site "Montcada i Reixac ESP"]
[Date "2009.07.02"]
[Round "7"]
[White "Cuartas,Ja"]
[Black "Mestre Bellido,H"]
[Result "1/2-1/2"]
[WhiteElo "2518"]
[BlackElo "2279"]
[EventDate "2009.06.26"]

1. e4 e5 2. Nf3 Nc6 3. Bb5 a6 4. Bxc6 dxc6 5. Nc3 Qd6 6. d4 exd4 7. Qxd4
Qxd4 8. Nxd4 Bd7 9. Be3 O-O-O 10. O-O-O Re8 11. Rhe1 Bb4 12. Nde2 Nf6 13.
f3 Nd5 14. Bd4 Nxc3 15. Bxc3 Bd6 16. h4 f6 17. h5 Rhf8 18. g4 Rf7 19. Kb1
c5 20. Bd2 Be5 21. Nc1 b6 22. Ne2 Bb5 23. Bc3 Bxe2 24. Rxe2 Bxc3 25. bxc3
f5 26. gxf5 Rxf5 27. Rg1 Rxf3 28. Rxg7 Rf4 29. Rd2 Rd8 30. Rxd8+ Kxd8 31.
Rxh7 Rxe4 32. h6 Rh4 33. Rh8+ Kd7 34. Kc1 Rh2 35. c4 Rh4 36. h7 1/2-1/2

[Event "XVII Open"]
[Site "Montcada i Reixac ESP"]
[Date "2009.07.02"]
[Round "7"]
[White "Rojas Keim,L"]
[Black "Sundararajan,K"]
[Result "1-0"]
[WhiteElo "2444"]
[BlackElo "2487"]
[EventDate "2009.06.26"]

1. e4 c5 2. Nf3 d6 3. d4 cxd4 4. Nxd4 Nf6 5. Nc3 e6 6. Be2 Be7 7. O-O Nc6
8. Be3 O-O 9. f4 a6 10. a4 Qc7 11. Kh1 Bd7 12. Nb3 b6 13. g4 Bc8 14. g5 Nd7
15. Bf3 Re8 16. f5 Bf8 17. Bg2 Bb7 18. Qh5 Nce5 19. fxe6 fxe6 20. Nd4 Re7
21. Rad1 Rae8 22. Qh3 g6 23. Rfe1 Bg7 24. Bc1 Nc6 25. Be3 Nde5 26. Nxc6
Bxc6 27. Bd4 b5 28. axb5 axb5 29. Na2 Qa5 30. Qb3 Qa4 31. Qxa4 bxa4 32. Nb4
Bb5 33. Bc3 Rc8 34. Bh3 Rxc3 35. bxc3 Nf3 36. Re3 Nxg5 37. Rxd6 Be5 38. Rb6
Bf4 39. Re1 Be8 40. Bf1 Bd2 41. Rd1 Nxe4 42. Kg2 Bxc3 43. Nc6 Rd7 44. Rxd7
Bxd7 45. Nb8 Bc8 46. Ba6 Bxa6 47. Rxa6 Nc5 48. Ra8 Kf7 49. Na6 Ne4 50. Nc7
Nc5 51. Nb5 Bb2 52. Nd6+ Kf6 53. Nc4 Bd4 54. Nb6 e5 55. c3 1-0

[Event "XVII Open"]
[Site "Montcada i Reixac ESP"]
[Date "2009.07.02"]
[Round "7"]
[White "Asis Gargatagli,H"]
[Black "Munoz Pantoja,M"]
[Result "0-1"]
[WhiteElo "2430"]
[BlackElo "2447"]
[EventDate "2009.06.26"]

1. Nf3 c5 2. c4 Nc6 3. d4 Nf6 4. Nc3 g6 5. g3 Bg7 6. Bg2 O-O 7. O-O d6 8.
dxc5 dxc5 9. Bf4 Be6 10. Ne5 Na5 11. Qa4 Qb6 12. Nd5 Bxd5 13. cxd5 Qb4 14.
Qc2 Rac8 15. e4 Nh5 16. Bd2 Qb5 17. Bc3 Nc4 18. a4 Qa6 19. Nxc4 Qxc4 20.
Rfc1 Nf6 21. Qd1 Qa6 22. Bf1 Qb6 23. a5 Qc7 24. Bg2 Rfd8 25. Qe2 Qd7 26.
Rd1 Ne8 27. e5 a6 28. Rd2 Nc7 29. Re1 Nb5 30. e6 Nxc3 31. bxc3 Qd6 32.
exf7+ Kf8 33. Rd3 c4 34. Re3 Bf6 35. h4 Kxf7 36. h5 Rc5 37. Re6 Qd7 38.
hxg6+ hxg6 39. Qe3 Rxd5 40. Bxd5 Qxd5 41. Rxe7+ Bxe7 42. Qxe7+ Kg8 43. Qf6
Qd3 44. Qe6+ Kg7 45. Qe5+ Kg8 46. Qe6+ Kg7 47. Qe7+ Kg8 48. Qxb7 Qxc3 49.
Re6 Qd3 50. Rxa6 c3 51. Qb3+ Kg7 52. Ra7+ Kh6 53. Rc7 Qf3 54. Rxc3 Rd1+ 55.
Qxd1 Qxd1+ 56. Kg2 Qd5+ 57. Kg1 Qxa5 58. Rc4 g5 59. g4 Qd5 60. Rb4 Qf3 61.
Rd4 Kg6 62. Rd6+ Kf7 63. Rd4 Ke6 64. Rb4 Kd6 65. Rb2 Qxg4+ 66. Kf1 Qf3 67.
Ke1 Qc3+ 68. Rd2+ Ke5 69. Ke2 Ke4 0-1

[Event "XVII Open"]
[Site "Montcada i Reixac ESP"]
[Date "2009.07.02"]
[Round "7"]
[White "Van Riemsdijk,H"]
[Black "Arun Prasad,S"]
[Result "0-1"]
[WhiteElo "2375"]
[BlackElo "2552"]
[EventDate "2009.06.26"]

1. e4 c5 2. Nf3 d6 3. d4 cxd4 4. Nxd4 Nf6 5. Nc3 a6 6. Bc4 e6 7. Bb3 Nbd7
8. f4 Nc5 9. f5 b5 10. fxe6 fxe6 11. Qf3 Bd7 12. O-O Be7 13. Kh1 O-O 14.
Bg5 b4 15. Nce2 Nfxe4 16. Bxe7 Qxe7 17. Qe3 d5 18. c3 a5 19. Bc2 e5 20. Nb3
Bb5 21. Kg1 Bxe2 22. Qxe2 bxc3 23. bxc3 Nxb3 24. Bxb3 Qc5+ 25. Kh1 Kh8 26.
Rxf8+ Rxf8 27. Rf1 Nxc3 28. Qe1 e4 0-1

[Event "XVII Open"]
[Site "Montcada i Reixac ESP"]
[Date "2009.07.02"]
[Round "7"]
[White "Moskalenko,V1"]
[Black "Oms Fuentes,L"]
[Result "1-0"]
[WhiteElo "2528"]
[BlackElo "2348"]
[EventDate "2009.06.26"]

1. d4 d5 2. c4 c6 3. e3 Nf6 4. Nc3 g6 5. Nf3 Bg7 6. Bd3 O-O 7. O-O Bg4 8.
h3 Bxf3 9. Qxf3 dxc4 10. Bxc4 Nbd7 11. Qe2 a6 12. Rd1 Qc7 13. e4 e5 14. d5
b5 15. dxc6 Qxc6 16. Bb3 Nc5 17. Nd5 Rfe8 18. Nxf6+ Qxf6 19. Bd5 Rad8 20.
Be3 Ne6 21. a4 Nd4 22. Qd3 b4 23. Rac1 Rc8 24. Rxc8 Rxc8 25. Bxd4 exd4 26.
Bb7 Rc7 27. Bxa6 Qc6 28. b3 Qc3 29. Bc4 Be5 30. g3 g5 31. Kg2 Kg7 32. a5
Rc5 33. a6 Ra5 34. Qe2 f6 35. Qh5 1-0

[Event "XVII Open"]
[Site "Montcada i Reixac ESP"]
[Date "2009.07.02"]
[Round "7"]
[White "Garcia Castro,P"]
[Black "Llaneza Vega,M"]
[Result "1-0"]
[WhiteElo "2373"]
[BlackElo "2522"]
[EventDate "2009.06.26"]

1. e4 c5 2. d3 Nc6 3. Nc3 g6 4. g3 Bg7 5. Bg2 e6 6. Be3 Nd4 7. Nce2 b6 8.
c3 Nxe2 9. Nxe2 Bb7 10. d4 cxd4 11. Nxd4 Ne7 12. O-O O-O 13. Qa4 d5 14.
Rfd1 Qc7 15. Nb5 Qd7 16. exd5 Nxd5 17. c4 Bc6 18. Qb3 Bxb5 19. cxb5 Rfd8
20. Bg5 f6 21. Bxd5 exd5 22. Be3 Kh8 23. Rd3 f5 24. Rad1 Qe8 25. Bd4 Bxd4
26. Rxd4 Rac8 27. Rxd5 Rxd5 28. Qxd5 Qe2 29. Qd4+ Kg8 30. Qd5+ Kh8 31. Qd4+
Kg8 32. a4 Rc4 33. Qd8+ Kg7 34. h4 1-0

[Event "XVII Open"]
[Site "Montcada i Reixac ESP"]
[Date "2009.07.03"]
[Round "8"]
[White "Bacallao,Y"]
[Black "Cornette,M"]
[Result "1/2-1/2"]
[WhiteElo "2438"]
[BlackElo "2573"]
[EventDate "2009.06.26"]

1. Nf3 d5 2. b3 Nf6 3. Bb2 Bf5 4. e3 e6 5. c4 Nbd7 6. Be2 h6 7. O-O Bd6 8.
Nc3 c6 9. d4 Ne4 10. Nxe4 dxe4 11. Ne5 Qc7 12. Nxd7 O-O-O 13. Ne5 Bxe5 14.
dxe5 Rxd1 15. Rfxd1 Rd8 16. Bc3 Qe7 17. b4 Qg5 18. Rxd8+ Kxd8 19. Bd4 Bg4
20. Bf1 h5 21. a4 h4 22. a5 h3 23. g3 a6 24. Ra2 Qf5 25. Rd2 Ke8 26. Bc3 f6
27. Rd6 Qf3 28. Rd2 1/2-1/2

[Event "XVII Open"]
[Site "Montcada i Reixac ESP"]
[Date "2009.07.03"]
[Round "8"]
[White "Narciso Dublan,M"]
[Black "Munoz Pantoja,M"]
[Result "1/2-1/2"]
[WhiteElo "2534"]
[BlackElo "2447"]
[EventDate "2009.06.26"]

1. d4 Nf6 2. c4 c5 3. d5 g6 4. Nc3 Bg7 5. e4 O-O 6. Be2 d6 7. Nf3 e6 8. O-O
e5 9. Bg5 h6 10. Bh4 Bg4 11. Ne1 Bxe2 12. Qxe2 Nbd7 13. Nd3 a6 14. Rab1 Qc7
15. b4 cxb4 16. Rxb4 b6 17. Rfb1 Rfc8 18. f3 Nh5 19. Be1 Nf4 20. Qf1 Nxd3
21. Qxd3 Bf6 22. Bd2 Bg5 23. Bxg5 hxg5 24. Qe3 Qd8 25. Na4 a5 26. Rb5 Rxc4
27. Nxb6 Nxb6 28. Qxb6 Qf6 29. Qe3 Kg7 30. Rc1 Rb4 31. Rxb4 axb4 32. Qd2
Qf4 33. Qxf4 exf4 34. Rc4 Ra4 35. a3 Rxa3 36. Rxb4 Ra1+ 37. Kf2 Ra2+ 38.
Kf1 Ra1+ 39. Kf2 Ra2+ 1/2-1/2

[Event "XVII Open"]
[Site "Montcada i Reixac ESP"]
[Date "2009.07.03"]
[Round "8"]
[White "Almeida Quintana,O"]
[Black "Rojas Keim,L"]
[Result "1/2-1/2"]
[WhiteElo "2521"]
[BlackElo "2444"]
[EventDate "2009.06.26"]

1. d4 Nf6 2. c4 e6 3. Nf3 c5 4. d5 d6 5. Nc3 exd5 6. cxd5 g6 7. e4 a6 8.
Qe2 Be7 9. Bh6 Ng4 10. Bf4 O-O 11. h3 Nf6 12. O-O-O b5 13. e5 Nh5 14. Bh6
Re8 15. g4 Ng7 16. Ne4 Nd7 17. exd6 Bxd6 18. Qc2 Bf8 19. Bg2 f5 20. Neg5
Nf6 21. Nh4 Ne4 22. f4 Nxg5 23. Bxg5 Qd6 24. Bf3 Be7 25. Bxe7 Rxe7 26. Ng2
Bd7 27. Qf2 Rf8 28. g5 b4 29. Kb1 Bb5 30. h4 Rfe8 31. Rhe1 Rxe1 32. Rxe1
Bd3+ 33. Ka1 Be4 34. Bxe4 Rxe4 35. Rxe4 1/2-1/2

[Event "XVII Open"]
[Site "Montcada i Reixac ESP"]
[Date "2009.07.03"]
[Round "8"]
[White "Fluvia Poyatos,Jor"]
[Black "Panchanathan,M"]
[Result "0-1"]
[WhiteElo "2442"]
[BlackElo "2462"]
[EventDate "2009.06.26"]

1. e4 e5 2. Nf3 Nc6 3. d4 exd4 4. Nxd4 Nf6 5. Nxc6 bxc6 6. e5 Qe7 7. Qe2
Nd5 8. c4 Ba6 9. b3 g6 10. f4 Qb4+ 11. Bd2 Qb6 12. Qe4 f5 13. Qf3 Nb4 14.
Kd1 Bb7 15. Nc3 O-O-O 16. a3 Na6 17. b4 c5 18. Nd5 Qe6 19. b5 Nb8 20. Ba5
d6 21. Bxc7 Bg7 22. Bxd8 Rxd8 23. Kc2 dxe5 24. Rd1 exf4 25. Qxf4 Bxd5 26.
Rxd5 Rxd5 27. cxd5 Qf6 28. Be2 Qb2+ 29. Kd1 Qb3+ 30. Ke1 Bc3+ 31. Kf2 Bd4+
32. Ke1 Qxa3 33. g4 Nd7 34. Kf1 Nf6 35. Qf3 Qxf3+ 36. Bxf3 fxg4 37. Bg2 Kc7
38. Ke2 Kd6 39. Rf1 h5 40. Kd3 Nxd5 41. Rf7 Ne7 42. Rf8 Bg1 43. Ra8 Nf5 44.
Rg8 c4+ 45. Kc3 Nh4 46. Be4 Bxh2 47. Bxg6 Nxg6 48. Rxg6+ Ke5 49. Kxc4 g3
50. Kd3 h4 51. Ke2 Kf4 52. b6 axb6 53. Rxb6 g2 54. Rb1 Bg3 55. Rb4+ Kg5 56.
Rb1 Kg4 57. Ke3 h3 58. Rb4+ Kf5 59. Rb5+ Ke6 60. Rb6+ Kd5 0-1

[Event "XVII Open"]
[Site "Montcada i Reixac ESP"]
[Date "2009.07.03"]
[Round "8"]
[White "Arun Prasad,S"]
[Black "Mihailovs,J"]
[Result "1-0"]
[WhiteElo "2552"]
[BlackElo "2405"]
[EventDate "2009.06.26"]

1. Nf3 c5 2. c4 b6 3. g3 Bb7 4. Bg2 g6 5. O-O Bg7 6. Nc3 d6 7. Re1 Nd7 8.
e4 e5 9. Nb5 Nb8 10. Rb1 Nc6 11. a3 Nge7 12. b4 O-O 13. d3 Qd7 14. Nc3 f5
15. bxc5 dxc5 16. Nd5 fxe4 17. dxe4 Nd4 18. Nxd4 cxd4 19. a4 Nxd5 20. cxd5
Ba6 21. Ba3 Rfc8 22. Bf3 Rc4 23. Bb4 Bf8 24. Bg4 Qe8 25. Qd2 Bc8 26. Be2
Bxb4 27. Rxb4 Rc3 28. Rc1 Rxc1+ 29. Qxc1 Bh3 30. Rc4 Rc8 31. g4 Rxc4 32.
Qxc4 Qd7 33. f3 Kf7 34. Kf2 1-0

[Event "XVII Open"]
[Site "Montcada i Reixac ESP"]
[Date "2009.07.03"]
[Round "8"]
[White "Mestre Bellido,H"]
[Black "Moskalenko,V1"]
[Result "1-0"]
[WhiteElo "2279"]
[BlackElo "2528"]
[EventDate "2009.06.26"]

1. e4 e6 2. d4 d5 3. Nd2 Nf6 4. e5 Nfd7 5. Bd3 c5 6. c3 b6 7. Nh3 Ba6 8.
Bxa6 Nxa6 9. O-O Nc7 10. Qg4 c4 11. b3 b5 12. a4 cxb3 13. a5 b4 14. c4 Nb8
15. Bb2 Nc6 16. Rfc1 Ne7 17. Nf4 g6 18. Qf3 Bh6 19. Nxb3 O-O 20. c5 f6 21.
g3 Nc6 22. Re1 fxe5 23. dxe5 Bxf4 24. gxf4 Nb5 25. Qg4 Rf5 26. a6 Qc7 27.
Bc1 Raf8 28. Bd2 Kh8 29. h4 Nbd4 30. Rab1 Nxb3 31. Rxb3 Qa5 32. Rh3 Qxa6
33. h5 gxh5 34. Qg2 Rg8 35. Rg3 Rxg3 36. Qxg3 Qb7 37. Kh1 Qg7 38. Qd3 Qb7
39. Rg1 a5 40. Qg3 Qf7 41. Qd3 h6 42. Qb5 Qe8 43. f3 Kh7 44. Rg2 Qc8 45.
Qd3 Ne7 46. Qc2 Qe8 47. Be1 Qb8 48. Rg1 Qe8 49. Bh4 Ng6 50. Bf6 Rxf4 51.
Qh2 Rxf3 52. Qxh5 Rf5 53. Qg4 Rf4 54. Qxf4 b3 55. Qd2 Qb5 56. Qg2 Qd3 57.
c6 b2 58. c7 b1=Q 59. c8=Q Qxg1+ 60. Kxg1 Qd1+ 61. Qf1 Qd4+ 1-0

[Event "XVII Open"]
[Site "Montcada i Reixac ESP"]
[Date "2009.07.03"]
[Round "8"]
[White "Garcia Castro,P"]
[Black "Libiszewski,F"]
[Result "0-1"]
[WhiteElo "2373"]
[BlackElo "2505"]
[EventDate "2009.06.26"]

1. e4 e6 2. b3 d5 3. Bb2 Nf6 4. e5 Nfd7 5. Qg4 c5 6. f4 Nc6 7. Nf3 g6 8. c3
Qb6 9. c4 d4 10. Na3 Nb4 11. Be2 Nxa2 12. Rxa2 Qxb3 13. Ra1 Qxb2 14. O-O
Qb6 15. Rfb1 Qd8 16. Ng5 Be7 17. Nb5 O-O 18. h4 a6 19. Bd3 Rb8 20. Na7 f5
21. Qf3 Bxg5 22. hxg5 Qc7 23. g4 Rf7 24. gxf5 gxf5 25. Kf2 Nf8 26. Nxc8
Rxc8 27. Rh1 Ng6 28. Rh6 Rg7 29. Rah1 Qc6 30. Qg3 Rcc7 31. Rb1 b6 32. Rhh1
Ra7 33. Rhe1 Ne7 34. Bf1 Qc7 35. Qh4 Nc6 36. Rb3 Nb4 37. Rh3 Qe7 38. Be2 a5
39. Reh1 Qe8 40. Bh5 Qd8 41. Bd1 d3 42. Qh6 Qd4+ 43. Kg3 Rae7 44. Ba4 Qxc4
45. Be8 Nd5 46. Rh4 Rxe8 47. Qxg7+ Kxg7 48. Rxh7+ Kf8 49. R1h4 Qd4 50. Kf3
Qe4+ 0-1

[Event "XVII Open"]
[Site "Montcada i Reixac ESP"]
[Date "2009.07.03"]
[Round "8"]
[White "Cruz,F"]
[Black "Cruz,Cr"]
[Result "0-1"]
[WhiteElo "2411"]
[BlackElo "2544"]
[EventDate "2009.06.26"]

1. d4 e6 2. c4 Nf6 3. a3 d5 4. Nc3 c6 5. e3 Nbd7 6. Nf3 Bd6 7. Be2 O-O 8.
O-O Qe7 9. b4 dxc4 10. Bxc4 e5 11. Be2 e4 12. Nd2 Nb6 13. b5 Nbd5 14. Ndb1
h5 15. a4 Ng4 16. h3 Bh2+ 17. Kh1 Bb8 18. g3 Nh6 19. Kg2 h4 20. Nxd5 cxd5
21. Ba3 Qg5 22. Bxf8 hxg3 23. f4 exf3+ 24. Bxf3 Nf5 25. Qd2 Nh4+ 26. Kg1
Bxh3 0-1

[Event "XVII Open"]
[Site "Montcada i Reixac ESP"]
[Date "2009.07.04"]
[Round "9"]
[White "Cuartas,Ja"]
[Black "Bacallao,Y"]
[Result "1/2-1/2"]
[WhiteElo "2518"]
[BlackElo "2438"]
[EventDate "2009.06.26"]

1. e4 c5 2. c3 g6 3. d4 cxd4 4. cxd4 Bg7 5. Nc3 d6 6. h3 Nf6 7. Nf3 O-O 8.
Bd3 Nc6 9. Be3 Nd7 10. O-O e5 11. Bc4 Nb6 12. Bb3 exd4 13. Nxd4 Na5 14.
Ndb5 Nbc4 15. Bd4 Nxb2 16. Qe2 Bxd4 17. Nxd4 Nbc4 18. Bxc4 Qc7 19. Nd5 Qxc4
20. Qb2 f6 21. Rac1 Qd3 22. f3 Nc4 23. Qf2 Nb6 24. Rc3 Qa6 25. Nc7 Qa5 26.
Ndb5 Bd7 27. Ra3 Qb4 28. Rb3 Qa5 29. Rfb1 Rac8 30. Ra3 Na4 31. Qd4 Qb6 32.
Rxa4 Rxc7 33. Qxb6 axb6 34. Nxc7 Bxa4 35. Rxb6 Bc6 36. Nd5 Kf7 37. Nb4 Rc8
38. a4 Ke6 39. a5 Kd7 40. a6 bxa6 41. Rxa6 Bb7 42. Ra2 Rc5 43. Kf2 f5 44.
exf5 Rxf5 45. Nc2 Rd5 46. Ke3 g5 47. Nd4 h5 48. Rb2 Re5+ 49. Kf2 Bc6 50.
Kg3 Rd5 51. Rb4 Ra5 52. h4 gxh4+ 53. Kxh4 Rc5 54. g3 Rc3 55. f4 Bd5 56. Rb5
Rc5 57. Kxh5 Bc4+ 58. Rxc5 dxc5 59. Nc2 Bd3 60. Ne3 c4 61. f5 c3 62. Kg6
Ke8 63. g4 Kf8 64. g5 c2 65. Nxc2 Bxc2 66. Kf6 Bxf5 67. Kxf5 Kf7 68. g6+
Kg7 69. Kg5 Kg8 70. Kh5 Kg7 71. Kg5 Kg8 72. Kh6 Kh8 73. g7+ Kg8 74. Kg6
1/2-1/2

[Event "XVII Open"]
[Site "Montcada i Reixac ESP"]
[Date "2009.07.04"]
[Round "9"]
[White "Cornette,M"]
[Black "Panelo,M"]
[Result "1/2-1/2"]
[WhiteElo "2573"]
[BlackElo "2425"]
[EventDate "2009.06.26"]

1. e4 c5 2. Nc3 a6 3. Nge2 Nf6 4. g3 b5 5. Bg2 Bb7 6. d4 cxd4 7. Nxd4 e6 8.
O-O b4 9. Na4 Bxe4 10. Bxe4 Nxe4 11. Re1 Nc5 12. Qf3 Ra7 13. Nxc5 Bxc5 14.
Nb3 Bb6 15. Bf4 d5 16. Qg4 O-O 17. Bg5 Qc7 18. Bf6 g6 19. Be5 Qc4 20. Qxc4
dxc4 21. Nd2 Nc6 22. Nxc4 Bd4 23. Bxd4 Nxd4 24. Red1 Nxc2 25. Rac1 b3 26.
axb3 Nb4 27. Rd6 Rc8 28. Ra1 Rb7 29. Ra4 Kg7 30. Kg2 Rc5 31. Rd8 Rd5 32.
Rc8 Rd3 33. Na5 Rb5 34. Rc7 g5 35. Nc4 h5 36. h3 Kf6 37. Kf1 Rxb3 38. Nd6
Rd5 39. Rxf7+ Kg6 40. Rb7 a5 41. Nc4 Rc5 42. Nxa5 Rxb2 43. Raxb4 Rxb4 44.
Rxb4 Rxa5 45. h4 gxh4 46. Rxh4 Re5 47. Rf4 Rd5 48. Kg2 Re5 49. Rf8 Kg7 50.
Ra8 Rf5 1/2-1/2

[Event "XVII Open"]
[Site "Montcada i Reixac ESP"]
[Date "2009.07.04"]
[Round "9"]
[White "Libiszewski,F"]
[Black "Narciso Dublan,M"]
[Result "1/2-1/2"]
[WhiteElo "2505"]
[BlackElo "2534"]
[EventDate "2009.06.26"]

1. e4 e5 2. Nf3 d6 3. d4 exd4 4. Nxd4 Nf6 5. Nc3 Be7 6. g3 d5 7. e5 Ng4 8.
e6 Nf6 9. exf7+ Kxf7 10. Bg2 c6 11. O-O Re8 12. Nce2 Nbd7 13. c4 dxc4 14.
Qc2 Nb6 15. Rd1 Bd6 16. a4 a5 17. Be3 Qc7 18. Nf5 Be5 19. Nf4 Bxf5 20. Qxf5
Bxb2 21. Qb1 Rxe3 22. Qxb2 Rb3 23. Qc2 Kg8 24. Bh3 Rb4 25. Be6+ Kh8 26. Qf5
c3 27. Nd3 Re4 28. Re1 Rxe1+ 29. Rxe1 Nbd5 30. Ne5 g6 31. Qh3 Kg7 32. Nf7
h5 33. Bxd5 cxd5 34. Ng5 Kh6 35. Qe6 Re8 36. Qxf6 Rxe1+ 37. Kg2 c2 38. Qf8+
Qg7 39. Nf7+ Kh7 40. Ng5+ Kh6 41. Nf7+ 1/2-1/2

[Event "XVII Open"]
[Site "Montcada i Reixac ESP"]
[Date "2009.07.04"]
[Round "9"]
[White "Munoz Pantoja,M"]
[Black "Almeida Quintana,O"]
[Result "1-0"]
[WhiteElo "2447"]
[BlackElo "2521"]
[EventDate "2009.06.26"]

1. e4 c5 2. g3 g6 3. Bg2 Bg7 4. Ne2 Nc6 5. c3 h5 6. h3 Nf6 7. d4 d6 8. Be3
cxd4 9. cxd4 e5 10. Nbc3 h4 11. g4 Bxg4 12. hxg4 Nxg4 13. d5 Nxe3 14. fxe3
Na5 15. Qd3 Qb6 16. Rb1 Rc8 17. Bh3 Rc7 18. Qb5+ Ke7 19. Qxb6 axb6 20. b3
Bh6 21. Kd2 Ra8 22. Kd3 1-0

[Event "XVII Open"]
[Site "Montcada i Reixac ESP"]
[Date "2009.07.04"]
[Round "9"]
[White "Rojas Keim,L"]
[Black "Mestre Bellido,H"]
[Result "1-0"]
[WhiteElo "2444"]
[BlackElo "2279"]
[EventDate "2009.06.26"]

1. d4 d5 2. Bg5 h6 3. Bh4 c6 4. e3 Qb6 5. Qc1 e5 6. Nf3 e4 7. Nfd2 Bf5 8.
c4 Be7 9. Bg3 Nf6 10. Nc3 O-O 11. Be2 Qd8 12. O-O Bg4 13. Bxg4 Nxg4 14.
cxd5 cxd5 15. Qd1 Nf6 16. Qb3 Qd7 17. f3 exf3 18. Nxf3 b6 19. Rac1 Qb7 20.
Nb5 Nc6 21. Nd6 Bxd6 22. Bxd6 Rfd8 23. Bf4 Rac8 24. Qd3 Ne4 25. a3 Na5 26.
Nd2 Nxd2 27. Rxc8 Rxc8 28. Qxd2 Qc6 29. Qe2 Qg6 30. Qf3 Qe6 31. Qg3 Kh7 32.
h3 Nb3 33. Rf2 Qe4 34. Kh2 Nc1 35. Bxh6 Qg6 36. Bg5 Rc2 37. Rf4 Rc8 38. Rg4
f5 39. Rh4+ Kg8 40. Qe5 Qf7 41. e4 Nd3 42. Qxd5 Qxd5 43. exd5 Kf7 44. d6
Ke6 45. Be7 f4 46. d5+ Kd7 47. Rg4 Rc2 48. Rxg7 f3 49. Rg8 Rxg2+ 50. Rxg2
fxg2 51. Kxg2 Nxb2 52. h4 Nd3 53. Kf3 Ne5+ 54. Ke4 Nf7 55. h5 a6 56. Kf4 b5
57. Ke4 a5 58. Kd4 Ke8 59. Kc5 b4 60. axb4 a4 61. Kc4 Ne5+ 62. Kc3 1-0

[Event "XVII Open"]
[Site "Montcada i Reixac ESP"]
[Date "2009.07.04"]
[Round "9"]
[White "Cruz,Cr"]
[Black "Gardela Batlle,J"]
[Result "1-0"]
[WhiteElo "2544"]
[BlackElo "2231"]
[EventDate "2009.06.26"]

1. d4 d5 2. c4 e6 3. Nc3 Nf6 4. cxd5 exd5 5. Bg5 Be7 6. e3 O-O 7. Bd3 Re8
8. Nf3 Nbd7 9. Qc2 c6 10. O-O h6 11. Bf4 Bf8 12. h3 Nb6 13. Bh2 Bd7 14. Kh1
Nc8 15. Ne5 Nd6 16. Rae1 Qc8 17. f3 Bf5 18. e4 Be6 19. Qf2 a5 20. Bb1 Nb5
21. Nd3 Nd7 22. Nxb5 cxb5 23. Nf4 Nb6 24. Nxe6 Rxe6 25. e5 Rc6 26. f4 a4
27. f5 Bb4 28. Rd1 a3 29. b3 Qd7 30. Qe2 Rc3 31. f6 g6 32. Bxg6 fxg6 33. e6
Qc6 34. f7+ Kh7 35. e7 Rc2 36. Qxc2 1-0

[Event "XVII Open"]
[Site "Montcada i Reixac ESP"]
[Date "2009.07.04"]
[Round "9"]
[White "Fluvia Poyatos,Jor"]
[Black "Sundararajan,K"]
[Result "1-0"]
[WhiteElo "2442"]
[BlackElo "2487"]
[EventDate "2009.06.26"]

1. e4 e5 2. Nf3 Nc6 3. Bb5 Nge7 4. d4 exd4 5. Nxd4 g6 6. Nxc6 Nxc6 7. Bxc6
bxc6 8. Qd4 f6 9. h4 d5 10. h5 Bg7 11. hxg6 hxg6 12. Rxh8+ Bxh8 13. Nc3 Kf7
14. exd5 cxd5 15. Bf4 f5 16. Qc5 Bxc3+ 17. Qxc3 d4 18. Qh3 Qd7 19. Kd1 Rb8
20. Qh7+ Ke6 21. Qxg6+ Kd5 22. Qg8+ Qe6 23. Qd8+ Qd7 24. Qh8 Rxb2 25. Kd2
Kc6 26. Rh1 Qd5 27. Qxc8 Rxc2+ 28. Kd1 Rxa2 29. Qxc7+ Kb5 30. Qb8+ Kc4 31.
Rh8 Ra1+ 32. Bc1 Ra5 33. Qc8+ Rc5 34. Qa6+ Kc3 35. Bd2+ Kb2 36. Rb8+ 1-0